Fancy Nancy explorer extraordinaire ! / (Record no. 3422)

MARC details
000 -LEADER
fixed length control field 00991nam a22003017a 4500
001 - CONTROL NUMBER
control field 3422
003 - CONTROL NUMBER IDENTIFIER
control field FISKH
005 - DATE AND TIME OF LATEST TRANSACTION
control field 20250612123353.0
008 - FIXED-LENGTH DATA ELEMENTS--GENERAL INFORMATION
fixed length control field 240304b cb ||||| |||| 00| 0 eng d
020 ## - INTERNATIONAL STANDARD BOOK NUMBER
International Standard Book Number 708431201484
040 ## - CATALOGING SOURCE
Original cataloging agency FISKH
Language of cataloging eng
Transcribing agency FISKH
Modifying agency FISKH
050 ## - LIBRARY OF CONGRESS CALL NUMBER
Classification number PZ7.O222
082 ## - DEWEY DECIMAL CLASSIFICATION NUMBER
Classification number 813.69
100 ## - MAIN ENTRY--PERSONAL NAME
Personal name O'Connor, Jane
Dates associated with a name author
245 ## - TITLE STATEMENT
Title Fancy Nancy explorer extraordinaire ! /
Statement of responsibility, etc. by O'Connor and Robin Preiss Glasser
260 ## - PUBLICATION, DISTRIBUTION, ETC.
Place of publication, distribution, etc. California :
Name of publisher, distributor, etc. LeapFrog Enterprise ,
Date of publication, distribution, etc. 2009
300 ## - PHYSICAL DESCRIPTION
Extent 32 pages :
Other physical details color illustrations ;
Dimensions 24 cm .
490 ## - SERIES STATEMENT
Series statement Fancy Nancy
505 ## - FORMATTED CONTENTS NOTE
Formatted contents note O <br/>
520 ## - SUMMARY, ETC.
Summary, etc. Nancy and her friend Bree explore the fascinating world of birds and insects in their exclusive and glamorous Explorers Extraordinaire Club.
521 8# - TARGET AUDIENCE NOTE
Target audience note 600 <br/>
Source Lexile <br/>
521 8# - TARGET AUDIENCE NOTE
Target audience note O <br/>
Source Raz-Plus <br/>
600 ## - SUBJECT ADDED ENTRY--PERSONAL NAME
Source of heading or term bugs
Form subdivision Fiction
650 ## - SUBJECT ADDED ENTRY--TOPICAL TERM
Topical term or geographic name entry element friendship
Form subdivision Fiction
700 ## - ADDED ENTRY--PERSONAL NAME
Personal name Glasser, Robin Preiss
Relator term illustrator
942 ## - ADDED ENTRY ELEMENTS (KOHA)
Source of classification or shelving scheme Dewey Decimal Classification
Koha item type Books
Suppress in OPAC No
Holdings
Withdrawn status Lost status Source of classification or shelving scheme Damaged status Not for loan Collection Home library Current library Shelving location Date acquired Total Checkouts Full call number Barcode Date last seen Date last checked out Copy number Price effective from Koha item type
    Dewey Decimal Classification     Juvenile Fiction Footprints International School Library Network Toul Tom Poung Campus Footprints International School Library Network Toul Tom Poung Campus TTP Primary Yellow Bookshelves 03/04/2024 1 O'CON 813.69 PZ7.O222 2024-0187 05/12/2025 05/05/2025 1 03/04/2024 Books
    Dewey Decimal Classification     Juvenile Fiction Footprints International School Library Network Toul Tom Poung Campus Footprints International School Library Network Toul Tom Poung Campus TTP Primary Yellow Bookshelves 03/04/2024 1 O'CON 813.69 PZ7.O222 2024-0188 10/17/2025 03/12/2024 2 03/04/2024 Books
    Dewey Decimal Classification     Juvenile Fiction Footprints International School Library Network Toul Tom Poung Campus Footprints International School Library Network Toul Tom Poung Campus TTP Primary Yellow Bookshelves 03/04/2024 2 O'CON 813.69 PZ7.O222 2024-0189 04/25/2025 04/04/2025 3 03/04/2024 Books
    Dewey Decimal Classification     Juvenile Fiction Footprints International School Library Network Toul Tom Poung Campus Footprints International School Library Network Toul Tom Poung Campus TTP Primary Yellow Bookshelves 03/04/2024 1 O'CON 813.69 PZ7.O222 2024-0190 11/19/2025 09/03/2025 4 03/04/2024 Books
    Dewey Decimal Classification     Juvenile Fiction Footprints International School Library Network Toul Tom Poung Campus Footprints International School Library Network Toul Tom Poung Campus TTP Primary Yellow Bookshelves 06/12/2025   O'CON 813.69 PZ7.O222 2025-1606 06/12/2025   5 06/12/2025 Books
    Dewey Decimal Classification     Juvenile Fiction Footprints International School Library Network Toul Tom Poung Campus Footprints International School Library Network Toul Tom Poung Campus TTP Primary Yellow Bookshelves 06/12/2025 1 O'CON 813.69 PZ7.O222 2025-1607 12/16/2025 10/08/2025 6 06/12/2025 Books